| 000 | 00471 a2200157 4500 | ||
|---|---|---|---|
| 005 | 20250416074015.0 | ||
| 020 | _a0-538-07511-2 | ||
| 082 | _a651.84 RIC | ||
| 100 | _aRICKS, B. R . | ||
| 245 | _aInformation Resource Management: A Records Systems Approach | ||
| 250 | _a2nd Ed | ||
| 260 |
_aCincinnati , _bSouth- Western publishing co., _c1988 |
||
| 300 |
_axiii8, 654p.: ill.; picture, _bglossary & index, _c24cm. |
||
| 700 | _aGOW, K . F. | ||
| 942 |
_2ddc _cBKS |
||
| 999 |
_c1498 _d1498 |
||